[Event "Pocos de Caldas op"]
[Site "Pocos de Caldas"]
[Date "2023.03.18"]
[Round "3"]
[White "Galindo, Felipe Bosque"]
[Black "Viveiros, Anderson Felipe"]
[Result "0-1"]
[WhiteElo "1800"]
[BlackElo "1798"]
[PlyCount "35"]
[EventDate "2023.03.17"]
[EventType "swiss"]
[EventRounds "6"]
[EventCountry "BRA"]
[SourceTitle "EXT 2024"]
[Source "ChessBase"]
[SourceDate "2023.10.10"]
[SourceVersion "1"]
[SourceVersionDate "2023.10.10"]
[SourceQuality "1"]

1. d4 d5 2. c4 e6 3. Nf3 Nf6 4. Nc3 a6 5. a3 Be7 6. Bf4 0-0 7. e3 dxc4 8. Bxc4 b5 9. Ba2 Bb7 10. 0-0 Nbd7 11. Re1 c5 12. e4 cxd4 13. Qxd4 Nc5 14. Rad1 Qxd4 15. Rxd4 Rfd8 16. Bb1 Rxd4 17. Nxd4 Rd8 18. b4 0-1

[Event "Pocos de Caldas op"]
[Site "Pocos de Caldas"]
[Date "2023.03.17"]
[Round "2"]
[White "Viveiros, Anderson Felipe"]
[Black "Oliveira, Francisco Evandro S"]
[Result "1-0"]
[WhiteElo "1798"]
[BlackElo "1436"]
[PlyCount "45"]
[EventDate "2023.03.17"]
[EventType "swiss"]
[EventRounds "6"]
[EventCountry "BRA"]
[SourceTitle "EXT 2024"]
[Source "ChessBase"]
[SourceDate "2023.10.10"]
[SourceVersion "1"]
[SourceVersionDate "2023.10.10"]
[SourceQuality "1"]

1. e4 e6 2. d4 d5 3. exd5 exd5 4. Bd3 Bd6 5. Ne2 c6 6. c3 Nf6 7. Bf4 Be7 8. 0-0 0-0 9. Ng3 Bg4 10. Qc2 g6 11. Nd2 c5 12. dxc5 Bxc5 13. Nb3 Bb6 14. h3 Be6 15. Kh1 Nc6 16. Bh6 Re8 17. Rad1 Rc8 18. f4 Nb4 19. Qd2 Nxd3 20. Qxd3 Qd7 21. f5 gxf5 22. Qd2 Kh8 23. Qg5 1-0

[Event "Araraquara op"]
[Site "Araraquara"]
[Date "2023.02.20"]
[Round "3.35"]
[White "De Oliveira, Jairo Quintiliano"]
[Black "Viveiros, Anderson Felipe"]
[Result "1/2-1/2"]
[WhiteElo "1753"]
[BlackElo "1800"]
[PlyCount "69"]
[EventDate "2023.02.19"]
[EventType "swiss"]
[EventRounds "6"]
[EventCountry "BRA"]
[SourceTitle "CBM 213 Extra"]
[Source "ChessBase"]
[SourceDate "2023.05.31"]
[SourceVersion "1"]
[SourceVersionDate "2023.05.31"]
[SourceQuality "1"]

1. e4 e5 2. Nf3 Nc6 3. Bb5 a6 4. Ba4 Nf6 5. 0-0 Be7 6. Re1 b5 7. Bb3 0-0 8. c3 d5 9. exd5 Nxd5 10. Nxe5 Nxe5 11. Rxe5 c6 12. d4 Bd6 13. Re1 Qh4 14. g3 Qh3 15. Be3 Bg4 16. Qd3 Rae8 17. Nd2 Re6 18. Qf1 Qh5 19. Bxd5 cxd5 20. f4 Rfe8 21. Qf2 f6 22. Nb3 Qf5 23. Bd2 Re2 24. Rxe2 Rxe2 25. Qf1 Qd3 26. Re1 Rxd2 27. Nxd2 Qxd2 28. Qf2 Qxf2+ 29. Kxf2 Kf7 30. b4 Bf5 31. Ke3 h5 32. Ra1 Bd7 33. Kf3 Kg6 34. Re1 f5 35. h4 1/2-1/2